Score 0/21 Timer 02:00
0 Plays Today
% Correct
Simba
97%
Mufasa
96.4%
Mary Poppins
96%
Scar
95.9%
Alexander
87.3%
George Banks
83%
Elder Cunningham
82.5%
Elder Price
81%
Roxie
80.4%
Christine
80.3%
Bert
78.6%
% Correct
Sophie
77.8%
Aaron
77.8%
Donna
76.4%
Raoul
71.8%
Eliza
69.9%
Velma
68.6%
Billy
60.1%
Rosie
59.5%
Nabulungi
54.6%
Erik
53.1%
Remove Ads.
Support Sporcle.
Get the best of Sporcle when you Go Orange. This ad-free experience offers more features, more stats, and more fun while also helping to support Sporcle. Thank you for becoming a member.

You're not logged in!

Compare scores with friends on all Sporcle quizzes.
OR
Log In

Sporcle TV

Today on Sporcle TV


Watch our educational content, quiz creation guides, and fun videos on Sporcle TV.

Show Comments

Extras

Top Quizzes Today


Score Distribution

Paid Content

Your Account Isn't Verified!

In order to create a playlist on Sporcle, you need to verify the email address you used during registration. Go to your Sporcle Settings to finish the process.

Report this User

Report this user for behavior that violates our Community Guidelines.

Details: